| 000 | 01046nac a22002411u 4500 | ||
|---|---|---|---|
| 010 | _a 2003017752 | ||
| 020 | _a0763718211 (pbk.) | ||
| 035 | _a(DNLM)101187583 | ||
| 082 | 0 | 0 |
_a616.994 _bS6979 |
| 090 |
_c2707 _d2707 |
||
| 100 | _aSompayrac, Lauren. | ||
| 245 | 1 | 0 |
_aHow cancer works / _cLauren Sompayrac. |
| 250 | _a1st ed. | ||
| 260 |
_aSudbury, Mass. : _bJones and Bartlett Publishers,2004. |
||
| 300 |
_avii, 110 p. : _bill. (some col.) ; _c28 cm. |
||
| 500 | _aIncludes index. | ||
| 505 | 0 | _aAn overview -- Leukemia -- Lymphoma -- Breast and prostate cancer -- Lung and skin cancer -- Colon cancer -- Cancer of the cervix and the liver -- Cancer and the immune system -- Cancer in the future. | |
| 650 | 0 |
_aCancer _vPopular works. |
|
| 650 | 0 |
_aNeoplasms _xpathology. |
|
| 856 | 4 | 1 |
_3Table of contents _uhttp://www.loc.gov/catdir/toc/ecip047/2003017752.html |
| 942 |
_cBB _k616.994S6979 |
||
| 999 |
_c2707 _d2707 |
||